[Event "US op 102nd"]
[Site "Framingham"]
[Date "2001.08.12"]
[Round "9"]
[White "Foygel, Igor"]
[Black "Atalik, Suat"]
[Result "1/2-1/2"]
[WhiteElo "2462"]
[BlackElo "2537"]
[Annotator "Atalik,S"]
[PlyCount "60"]
[EventDate "2001.08.04"]
[EventType "swiss"]
[EventRounds "9"]
[EventCountry "USA"]
[SourceTitle "CBM 083 Extra"]
[Source "ChessBase"]
[SourceDate "2001.09.11"]
[SourceVersion "1"]
[SourceVersionDate "2001.09.11"]
[SourceQuality "1"]

1. d4 d5 2. c4 c6 3. cxd5 {My opponent had a different approach to this
particular game than I had.For him a draw ment qualification to US
Championship,but for me it was a money game.} cxd5 4. Nf3 Nc6 5. Nc3 Nf6 6. Bf4
Nh5 $5 {I wanted to play something which will upset the balance.} 7. Be5 $1 (7.
Bd2 e6 8. e3 $11) 7... e6 8. e3 Be7 9. Bd3 O-O 10. a3 f5 (10... f6 11. Bg3 $1 (
11. Ng5 $6 Qe8 $1 (11... g6 12. Nxh7 fxe5 13. Nxf8 Qxf8 14. Bxg6 Nf6 15. h4)))
11. O-O Bd7 12. Rc1 Be8 $5 {I did not want to oppose whites rook on c line.
However this might turn out to be a risky decision.} (12... Rc8 13. Qb3 Na5 14.
Qa2 $13) 13. Na4 Nf6 14. Bxf6 $1 (14. Nc5 Bxc5 15. Rxc5 Ne4 $5 16. Rc1 Bh5 17.
Bg3 Qb6 $36) (14. Ng5 Bd7 $1 {then black is all setup for Ne4.}) 14... Rxf6 15.
Nc5 b6 16. Nb3 Rc8 $2 (16... Bd6 17. Bb5 Rc8 18. Qd3 $13 (18. Bxc6 Bxc6 19. Ne5
Bb5 20. Rxc8 Qxc8 21. Re1 Ba4 22. Qd3 Bxb3 23. Qxb3 Bxe5 24. dxe5 Rf7 $17)) 17.
Ba6 Rc7 18. Ne5 Bd6 19. f4 {Draw offer.} Nb8 20. Qd3 Ba4 21. Rxc7 Bxc7 22. Bb5
$2 (22. Nd2 $1 Bxe5 23. dxe5 Rf7 24. Nf3 Nxa6 (24... Rc7 25. Nd4) 25. Qxa6 Bb3
26. Rc1 Rc7 27. Qf1 $14) 22... Bxb3 23. Qxb3 Bxe5 24. dxe5 Rf7 25. Rc1 (25. Qb4
$2 Rc7 26. Qd6 Qxd6 27. exd6 Rc8 28. d7 Rd8 29. Rc1 Kf7 30. Rc7 a6 31. Be2 b5
32. Rb7 Ke7 $17 {and the pawn falls.}) 25... Rc7 26. Rxc7 Qxc7 27. h3 $11 Kf7 (
27... a6 28. Be2 Qc5 29. a4) 28. Kh2 Qc1 29. Qa4 a6 {Time to force the draw
before it is late.} 30. Bxa6 (30. Bd7 $2 b5 (30... Qc7 $2 31. Bxe6+ $1 Kxe6 32.
Qe8+ $18) 31. Bxb5 Qxe3 $1 (31... axb5 $6 32. Qa7+ Kg6 33. Qxb8 Qxe3 34. Qe8+
Kh6 35. Qxe6+ g6 36. Qxd5 Qxf4+ 37. Kg1 Qc1+ 38. Kf2 Qxb2+ 39. Kf1 Qxa3 40.
Qxb5 Qe7 41. Qd5 Kg7 $11) 32. Be8+ Ke7 33. Qb4+ Kxe8 34. Qxb8+ Kf7 $17) 30...
Nxa6 {Black is in no danger of losing the game.} (30... Nxa6 31. Qd7+ (31. Qxa6
$2 Qxe3 32. Qa4 b5 $17) 31... Kf8 32. Qd8+ (32. Qxe6 Qxe3 33. Qc8+ (33. Qxf5+
Ke7) 33... Ke7 34. Qb7+ Ke6 35. Qc6+ $11)) 1/2-1/2

[Event "ROM-ch"]
[Site "Targoviste"]
[Date "2001.11.25"]
[Round "2"]
[White "Jianu, Vlad Cristian"]
[Black "Itkis, Boris"]
[Result "0-1"]
[WhiteElo "2397"]
[BlackElo "2472"]
[Annotator "Atlas,V"]
[PlyCount "48"]
[EventDate "2001.11.23"]
[EventType "tourn"]
[EventRounds "15"]
[EventCountry "ROU"]
[EventCategory "9"]
[SourceTitle "CBM 087"]
[Source "ChessBase"]
[SourceDate "2002.03.21"]
[SourceVersion "1"]
[SourceVersionDate "2002.03.21"]
[SourceQuality "1"]

1. d4 d5 2. c4 c6 3. cxd5 cxd5 4. Nf3 Nc6 5. Nc3 Nf6 6. Bf4 e6 7. e3 Nh5 8. Bg5
Qb6 9. Qc2 h6 10. Bh4 g5 11. Bg3 Nxg3 12. hxg3 Bg7 13. a3 Bd7 14. Na4 Qa5+ 15.
Nc3 Rc8 16. Be2 Qd8 17. b4 g4 18. b5 gxf3 19. bxc6 Rxc6 20. gxf3 Qa5 21. Kd2 e5
22. Qd3 {[%tqu "En","Black is clearly winning, but what the most efficient way
to finish the game?","Exploit the shaky position of the white knight.",
"Deflect the enemy queen!","d7f5","This elegant bishop thrust is definitely
the most convincing way to victory.",5]} Bf5 $1 {[%csl Ra1,Rc3,Rd2][%cal Gc6c3,
Ga5c3] The most efficient way to victory.} 23. e4 (23. Qxf5 {loses in view of}
Qxc3+ 24. Kd1 Qxa1+) 23... dxe4 24. fxe4 Bxe4 $1 (24... Bxe4 {, and White
resigned, as after} 25. Qe3 Bxh1 26. Rxh1 O-O {his position is hopeless.}) 0-1

[Event "Bundesliga 9293"]
[Site "Germany"]
[Date "1992.??.??"]
[Round "?.2"]
[White "Hertneck, Gerald"]
[Black "Bangiev, Alexander J"]
[Result "1-0"]
[WhiteElo "2555"]
[BlackElo "2385"]
[Annotator "Bangiev,A"]
[PlyCount "109"]
[EventDate "1992.10.24"]
[EventType "team-tourn"]
[EventRounds "15"]
[EventCountry "GER"]
[SourceTitle "CBM 038"]
[Source "ChessBase"]
[SourceDate "1994.02.01"]
[SourceVersion "1"]
[SourceVersionDate "1994.02.01"]
[SourceQuality "1"]
[WhiteTeam "Muenchen 36"]
[BlackTeam "Bielefeld"]
[WhiteTeamCountry "GER"]
[BlackTeamCountry "GER"]

1. d4 d5 2. c4 c6 3. Nc3 Nf6 4. cxd5 cxd5 5. Nf3 Nc6 6. Bf4 e6 7. e3 Bd6 8. Bg3
O-O 9. Bd3 Kh8 10. Rc1 a6 11. Na4 Ne4 (11... Bb4+ 12. Nd2 Qa5 13. Nc3 Bxc3 14.
Rxc3 Qxa2 15. Bd6 Rd8 16. Ba3 $16) 12. Bxe4 dxe4 13. Nd2 f5 (13... Bxg3 $1 14.
hxg3 f5 $5 $14) 14. Bxd6 Qxd6 15. Nb6 $1 Rb8 16. O-O Bd7 $6 (16... Na5 17. Ndc4
Nxc4 18. Nxc4 Qd8 19. Ne5 Bd7 20. d5 (20. Nxd7 Qxd7 $10) 20... exd5 (20... Bb5
21. dxe6 $1 $16) 21. Qxd5 Bb5 22. Rfd1 Qxd5 23. Rxd5 Rbc8 $10) 17. Qa4 $1 Rbd8
18. Qa3 $1 Qxa3 (18... Qc7 19. Ndc4 f4 $6 20. d5 $1 $16) 19. bxa3 Na5 $5 20. a4
Nc6 $6 {(>= 20 ..Kg8)} 21. Nb3 $1 $16 Be8 22. Nc5 Rf6 23. Nxb7 Rb8 24. Nd6 Rxb6
25. Nxe8 Rf7 $5 (25... Rf8 26. Nc7 $16) 26. Nd6 Rf8 27. Nc4 Rb4 28. a3 Rb3 29.
Nd2 Rb6 30. Rc5 Ne7 31. Rfc1 Rfb8 32. Rc7 R6b7 33. f3 Rxc7 (33... exf3 $5 34.
gxf3 $1 (34. Nxf3 h6 $1 $14) 34... Kg8 35. Kf2 Kf8 $14) 34. Rxc7 Nd5 35. Rc6
Nxe3 36. fxe4 $1 (36. Rxe6 h6 37. fxe4 Rb2 38. exf5 Rxd2 39. Rxe3 Rxd4 $14)
36... fxe4 (36... h6 37. exf5 Rb2 38. fxe6 Rxd2 39. e7 $18) (36... Kg8 37. exf5
Rb2 38. fxe6 $18) 37. Rxe6 Nc2 38. d5 $1 (38. Rxe4 Rd8 $14) 38... e3 39. Nf1
Kg8 40. Nxe3 Nxe3 41. Rxe3 Kf7 42. Kf2 Rd8 43. Rd3 Kf6 (43... Ke7 44. Ke3 Kd6
45. Kd4 $16) 44. Kf3 $1 Ke5 45. Re3+ Kd4 (45... Kd6 46. Re6+ Kxd5 47. Re7 $16)
46. Re7 Rxd5 47. Rxg7 Rh5 (47... h5 48. Kg3 Ra5 49. Kh4 $16) 48. h3 Rh6 49. Kg4
Ke3 50. Kg5 Rc6 51. Rxh7 Kf2 52. g4 Kg3 53. Kh5 Kxh3 54. g5 Rc5 55. Rd7 1-0

[Event "Wch U20 55th"]
[Site "Bhubaneswar"]
[Date "2016.08.19"]
[Round "11"]
[White "Xiong, Jeffery"]
[Black "Artemiev, Vladislav"]
[Result "1/2-1/2"]
[WhiteElo "2633"]
[BlackElo "2665"]
[Annotator "Besenthal,K"]
[PlyCount "79"]
[EventDate "2016.08.08"]
[EventType "swiss"]
[EventRounds "13"]
[EventCountry "IND"]
[SourceTitle "CBM 173 Extra"]
[Source "ChessBase"]
[SourceDate "2016.08.29"]
[SourceVersion "1"]
[SourceVersionDate "2016.08.29"]
[SourceQuality "1"]

1. d4 d5 2. c4 c6 3. Nf3 Nf6 4. cxd5 cxd5 5. Nc3 Nc6 6. Bf4 a6 7. Rc1 Bf5 8. e3
e6 9. Bd3 {Diagramm [#]} Bg4 {Ein neuer Zug, der aber nicht schlecht ist.} 10.
h3 Bh5 11. O-O Be7 12. Be2 {Kleiner psychologischer Erfolg für Artemiev: Die
Fesselung seines Springers war Xiong offenbar so lästig, dass er sich zu
diesem Rückzug genötigt sah.} (12. Na4 O-O 13. Qb3 {war aktiver, doch warum
etwas riskieren, wenn man kurz vor Turnierende einen vollen Punkt Vorsprung
hat!}) 12... O-O 13. Ne5 Nxe5 14. Bxe5 Bxe2 15. Nxe2 Rc8 16. Rxc8 Qxc8 17. Qb3
Qd7 18. Rc1 Rc8 19. Qb6 Ne8 20. Rxc8 Qxc8 21. Nc3 f6 22. Bg3 Bd8 23. Qb3 Qc6 {
Diagramm [#]} 24. Na4 {Xiong entschließt sich, doch noch einmal etwas zu
unternehmen; ein Risiko geht er dabei ja nicht ein.} Be7 25. Kh2 Kf7 26. Nc5
Bxc5 27. dxc5 g6 {Diagramm [#] Ein hübscher kleiner Zug, mit dem Artemiev die
Aktivierung des Springers vorbereitet.} 28. a4 Ng7 29. Bb8 Nf5 30. Qb4 {
Diagramm [#]} Qc8 ({Mit} 30... e5 $1 {hätte Xiong seinen Gegner noch einmal
ein wenig in die Defensive drängen können.}) 31. Ba7 Ne7 32. Bb6 Nc6 33. Qh4
Kg7 34. b4 Ne5 35. Qf4 g5 36. Qg3 h6 37. b5 axb5 38. axb5 Kf7 39. h4 Qd7 40. f4
{Diagramm [#] Den Bb5 kann Weiß nicht mehr decken, aber das Gegenspiel auf
der anderen Brettseite kompensiert dies problemlos.} 1/2-1/2

[Event "FRA-ch 91st"]
[Site "Agen"]
[Date "2016.08.17"]
[Round "5"]
[White "Cornette, Matthieu"]
[Black "Feller, Sebastien"]
[Result "1-0"]
[WhiteElo "2581"]
[BlackElo "2602"]
[Annotator "Besenthal,K/Primel,D"]
[PlyCount "59"]
[EventDate "2016.08.13"]
[EventType "tourn"]
[EventRounds "9"]
[EventCountry "FRA"]
[EventCategory "14"]
[SourceTitle "CBM 174"]
[Source "ChessBase"]
[SourceDate "2016.09.13"]
[SourceVersion "1"]
[SourceVersionDate "2016.09.13"]
[SourceQuality "1"]
[TimeControl "40/5400+30:1800+30"]

1. d4 {[%emt 0:00:00]} Nf6 {[%emt 0:02:05]} 2. Bf4 {[%emt 0:00:53]} e6 {
[%emt 0:03:30]} 3. e3 {[%emt 0:01:00]} b6 {[%emt 0:02:26]} 4. Nf3 {[%emt 0:01:
22]} Bb7 {[%emt 0:00:33]} 5. Bd3 {[%emt 0:00:29]} c5 {[%emt 0:00:46]} 6. c3 {
[%emt 0:00:41]} Be7 {[%emt 0:02:43]} 7. h3 {[%emt 0:01:38]} O-O {[%emt 0:02:20]
} 8. O-O {[%emt 0:00:26]} Nc6 {[%emt 0:09:02]} 9. a3 {[%emt 0:05:11]} cxd4 {
[%emt 0:07:33]} 10. cxd4 {[%emt 0:01:38]} Rc8 {[%emt 0:01:52]} 11. Nc3 {
[%emt 0:10:17]} d5 {[%emt 0:04:24]} 12. Rc1 {[%emt 0:05:37]} Na5 {[%emt 0:05:
34]} 13. Nd2 {[%emt 0:05:43]} (13. Nb5 Rxc1 14. Qxc1 a6 15. Bc7 Qa8 16. Nd6 Nc4
17. Nxb7 Qxb7 18. Bf4 Rc8 19. Qb1 b5 20. Rc1 h6 21. Ne5 Nxe5 22. Bxe5 Nd7 23.
Bf4 Nb6 24. Rd1 Nc4 25. e4 dxe4 26. Bxe4 Qb6 27. d5 e5 28. Bg3 Bd6 29. h4 Qd8
30. Bf5 Rc7 31. Re1 g6 32. Bd3 h5 33. b3 e4 34. Bxe4 Bxg3 35. bxc4 Bxh4 36.
cxb5 axb5 37. Qxb5 Kg7 38. a4 Qf6 39. g3 Bg5 40. d6 Rc3 41. d7 h4 42. g4 Qf4 {
Kamsky,G (2741)-Sargissian,G (2671) Khanty-Mansiysk 2013 1/2-1/2 (69)}) 13...
Nc4 {[%emt 0:07:41]} 14. Nxc4 {[%emt 0:03:15]} dxc4 {[%emt 0:00:10]} 15. Bb1 {
[%emt 0:00:05]} b5 {[%emt 0:00:40]} 16. Be5 {[%emt 0:06:00]} a6 {[%emt 0:04:12]
} 17. e4 $146 {[%emt 0:02:02]} (17. Qc2 g6 18. e4 Qb6 19. Qd2 Nd7 20. Bf4 Rfd8
21. e5 Qa7 22. Rcd1 Nc5 23. Bc2 Qa8 24. f3 Nd3 25. Bg5 Bxg5 26. Qxg5 Qa7 27.
Qe3 Qxd4 28. Qxd4 Rxd4 29. Bxd3 cxd3 30. Rfe1 Rc5 31. Re3 a5 32. Rdxd3 Rxd3 33.
Rxd3 Rxe5 34. Rd7 Bd5 35. Nxb5 Bxf3 36. Nd6 Rg5 37. g4 Rd5 38. Kf2 Bh1 39. b4
axb4 40. axb4 e5 41. g5 Rd4 42. b5 h6 43. gxh6 Kh7 44. b6 Kxh6 45. Nxf7+ Kh5
46. Nxe5 Rxd7 {Rustemov,A-Frog,I (2370) Moscow 1992 1-0}) 17... Qb6 {[%emt 0:
07:19]} 18. Qe2 {[%emt 0:07:18]} Rfe8 {[%emt 0:08:22]} 19. Rfd1 {[%emt 0:02:40]
} Rcd8 {[%emt 0:01:42]} 20. Qf3 {[%emt 0:04:00]} Nd7 {[%emt 0:02:14]} 21. Bf4 {
[%emt 0:01:58]} Nf8 {[%emt 0:08:54]} 22. Qg3 {[%emt 0:04:09]} Rd7 {[%emt 0:01:
16]} 23. Be3 {[%emt 0:02:42]} Qd8 {[%emt 0:04:02]} 24. e5 {[%emt 0:02:52]} Ng6
{[%emt 0:00:55]} 25. Ne4 {[%emt 0:00:54]} Bf8 {[%emt 0:09:12]} (25... Nh4 $1
$11 {Donné par Laurent FRESSINET lors de l'analyse post-Mortem}) 26. Ng5 {
[%emt 0:04:47] Probiert man in dieser Stellung im Geiste einen Zug wie Sxh7
durch, dann sieht das eigentlich noch nicht gefährlich aus...} f5 $2 {[%emt 0:
01:01] ... aber nach dieser fatalen Schwächung ändert sich das. Schwarz
verlängert zwar die Wirkung seines Turmes nach g7, verkennt dabei aber, dass
der Punkt g7 gar nicht bedroht war. Die verdeckte Gefahr lauerte auf den
weißen Feldern!} 27. exf6 {[%emt 0:02:32]} Qxf6 {[%emt 0:00:04]} 28. Nxh7 $1 {
[%emt 0:00:47]} Kxh7 {[%emt 0:00:08]} 29. Bg5 {[%emt 0:00:05]} Bd6 {[%emt 0:03:
00]} (29... Qf7 30. Qh4+ Kg8 31. Qh5 $18) 30. Qg4 {[%emt 0:00:41]} 1-0

[Event "Bugojno"]
[Site "Bugojno"]
[Date "1978.03.14"]
[Round "14"]
[White "Ivkov, Borislav"]
[Black "Portisch, Lajos"]
[Result "1/2-1/2"]
[WhiteElo "2515"]
[BlackElo "2630"]
[Annotator "Bulletin"]
[PlyCount "48"]
[EventDate "1978.02.27"]
[EventType "tourn"]
[EventRounds "15"]
[EventCountry "YUG"]
[EventCategory "14"]
[SourceTitle "MCL"]
[Source "ChessBase"]
[SourceDate "1999.07.01"]
[SourceVersion "1"]
[SourceVersionDate "1999.07.01"]
[SourceQuality "1"]

1. d4 d5 2. Nf3 Nf6 3. c4 c6 4. cxd5 cxd5 5. Nc3 Nc6 6. Bf4 Qb6 7. Na4 Qa5+ 8.
Bd2 Qd8 9. e3 (9. Qb3 Ne4 10. e3 Nxd2 11. Nxd2 e6 12. Bb5 Qa5 13. Nc3 $14 {
Lim Kok Ann-Reyes, Manila 1968}) 9... e6 10. Rc1 Ne4 11. Bd3 (11. Bb5 {
Bukic-Portisch, Bugojno 1978 (Partie 88)}) 11... Bd6 12. O-O O-O 13. a3 Qe7 14.
b4 e5 15. dxe5 (15. b5 Nxd2 16. Nxd2 (16. Qxd2 Nxd4 {/\..e4}) 16... Na5 $15)
15... Nxe5 16. Nxe5 Qxe5 17. f4 Qe7 18. Nc3 Nxc3 19. Rxc3 Rd8 20. Qc2 h6 21. e4
d4 (21... dxe4 22. Bxe4 $16 a5 23. bxa5 Bxa3 24. a6 $1 Bb4 25. Rc7) 22. Rc4 Be6
23. Rxd4 Rac8 (23... Bc5 $5 24. bxc5 $1 Rxd4 25. Be3 Rdd8 26. f5 $13) 24. Qb2
Bc7 (24... Bc7 25. Rxd8+ Qxd8 $10 26. Rf3 (26. Be2 Bb6+ 27. Kh1 Bc4) 26... Bb6+
27. Kh1 Bg4 28. Rg3 h5) 1/2-1/2

[Event "Bugojno"]
[Site "Bugojno"]
[Date "1978.03.10"]
[Round "11"]
[White "Bukic, Enver"]
[Black "Portisch, Lajos"]
[Result "1/2-1/2"]
[WhiteElo "2500"]
[BlackElo "2630"]
[Annotator "Bulletin"]
[PlyCount "54"]
[EventDate "1978.02.27"]
[EventType "tourn"]
[EventRounds "15"]
[EventCountry "YUG"]
[EventCategory "14"]
[SourceTitle "MCL"]
[Source "ChessBase"]
[SourceDate "1999.07.01"]
[SourceVersion "1"]
[SourceVersionDate "1999.07.01"]
[SourceQuality "1"]

1. d4 d5 2. c4 c6 3. Nf3 Nf6 4. cxd5 cxd5 5. Nc3 Nc6 6. Bf4 Qb6 7. Na4 (7. a3
Bf5 8. e3 e6 9. Bb5 Be7 10. Ne5 O-O 11. Bxc6 bxc6 12. Qe2 Rfc8 13. O-O $14 {
Braun-Baumbach, DDR 1971}) 7... Qa5+ 8. Bd2 Qd8 9. e3 e6 10. Rc1 Ne4 11. Bb5
Bd7 12. O-O Rc8 13. Nc5 Bxc5 14. dxc5 O-O 15. b4 a6 16. Be2 Na7 17. Be1 (17. a4
Qe8 18. Ra1 a5) 17... Bb5 18. Nd4 Bxe2 19. Qxe2 Qd7 20. Rc2 e5 21. Nb3 Nc6 22.
a3 Qe6 23. Rb2 Rfe8 (23... f5) 24. f3 Nf6 25. Bh4 Nd7 26. Rd1 Nf8 27. Be1 Ng6
1/2-1/2

[Event "Hoogovens"]
[Site "Wijk aan Zee"]
[Date "1984.01.22"]
[Round "8"]
[White "Andersson, Ulf"]
[Black "Torre, Eugenio"]
[Result "1-0"]
[WhiteElo "2630"]
[BlackElo "2565"]
[Annotator "Bulletin"]
[PlyCount "99"]
[EventDate "1984.01.13"]
[EventType "tourn"]
[EventRounds "13"]
[EventCountry "NED"]
[EventCategory "13"]
[SourceTitle "MCL"]
[Source "ChessBase"]
[SourceDate "1999.07.01"]
[SourceVersion "1"]
[SourceVersionDate "1999.07.01"]
[SourceQuality "1"]

1. Nf3 d5 2. d4 Nf6 3. c4 c6 4. cxd5 cxd5 5. Nc3 Nc6 6. Bf4 Qb6 7. a3 Bf5 8.
Na4 $5 Qd8 9. e3 Nd7 10. Bb5 e6 11. O-O Be7 12. Rc1 Rc8 13. Bxc6 (13. Ne5 Ncxe5
14. Bxe5 O-O $10) 13... bxc6 14. Ne5 Nxe5 15. Bxe5 O-O 16. Nc5 f6 17. Bg3 Re8
18. Rc3 e5 19. Qd2 exd4 20. exd4 Bxc5 21. Rxc5 Qb6 22. h3 Bd7 23. b4 Re6 24.
Re1 $1 Rce8 25. Rxe6 Rxe6 26. Kh2 Bc8 27. Qc2 $14 Bd7 28. b5 Qb7 29. a4 Be8 30.
Qf5 Qe7 31. a5 g6 32. Qf3 Qb7 33. Qb3 {/\ b6} cxb5 34. Rxd5 Kg7 35. Rc5 Re7 36.
d5 a6 37. d6 $16 Rf7 38. Qe3 Bc6 39. f3 Bd7 40. Rc7 Qb8 41. Qb6 $1 Qa8 42. Ra7
Qd5 43. Rxa6 g5 44. Ra7 h5 45. Rc7 g4 46. fxg4 hxg4 47. h4 f5 48. Qe3 Kh7 49.
Qg5 Qe4 50. a6 1-0

[Event "Andorra op 15th"]
[Site "Andorra"]
[Date "1997.??.??"]
[Round "8"]
[White "Gamundi Salamanca, Antonio"]
[Black "Fressinet, Laurent"]
[Result "1/2-1/2"]
[WhiteElo "2440"]
[BlackElo "2320"]
[Annotator "Bulletin"]
[PlyCount "39"]
[EventDate "1997.07.??"]
[EventType "swiss"]
[EventRounds "9"]
[EventCountry "AND"]
[SourceTitle "CBM 058 Extra"]
[Source "ChessBase"]
[SourceDate "1997.07.29"]
[SourceVersion "1"]
[SourceVersionDate "1997.07.29"]
[SourceQuality "1"]

1. c4 c6 2. d4 d5 3. cxd5 cxd5 4. Nc3 Nf6 5. Bf4 Nc6 6. e3 a6 7. Nf3 Bg4 8. h3
Bxf3 9. Qxf3 e6 10. Bd3 Bd6 11. O-O O-O 12. Rac1 Rc8 13. Rfd1 h6 14. Bb1 b5 15.
a4 b4 16. Ne2 Qe7 17. Bxd6 Qxd6 18. Qf4 Qd7 19. Bd3 (19. Rc5 $14) 19... Na5 20.
Bxa6 1/2-1/2

[Event "ROM-chT"]
[Site "Sovata"]
[Date "1998.??.??"]
[Round "4"]
[White "Cosma, Ioan"]
[Black "Cozianu, Costin"]
[Result "1/2-1/2"]
[WhiteElo "2480"]
[BlackElo "2420"]
[Annotator "Bulletin"]
[PlyCount "78"]
[EventDate "1998.??.??"]
[EventType "team"]
[EventRounds "5"]
[EventCountry "ROU"]
[SourceTitle "EXT 1999"]
[Source "ChessBase"]
[SourceDate "1998.11.16"]
[SourceVersion "1"]
[SourceVersionDate "1998.11.16"]
[SourceQuality "1"]

1. d4 d5 2. Nf3 Nf6 3. c4 c6 4. cxd5 cxd5 5. Nc3 Nc6 6. Bf4 Ne4 7. e3 Nxc3 8.
bxc3 g6 9. Ne5 Bg7 10. Nxc6 bxc6 11. Qa4 Qd7 12. Ba6 O-O 13. O-O Re8 14. Rab1
e5 15. Bg3 Re6 16. Bxc8 (16. Be2 $1) 16... Qxc8 17. Bxe5 Bxe5 18. dxe5 Rxe5 19.
Rb4 Re6 20. Rfb1 c5 21. Rb5 Rb6 22. h4 Qc6 23. Qa5 Rab8 24. a4 Rxb5 25. Rxb5
Rxb5 26. axb5 Qb6 27. Qa4 h5 28. g3 Kf8 29. c4 dxc4 30. Qxc4 Qd6 31. Kf1 Qe5
32. Ke2 Qb2+ 33. Kf3 Qf6+ 34. Qf4 Qb6 35. Qa4 Qf6+ 36. Kg2 Qe7 37. e4 Qc7 38.
Qc4 Qd6 39. Kf3 Qf6+ 1/2-1/2

[Event "WDR Match TV g/60"]
[Site "Cologne"]
[Date "2005.08.21"]
[Round "?"]
[White "Pfleger, Helmut"]
[Black "Hort, Vlastimil"]
[Result "1/2-1/2"]
[WhiteElo "2477"]
[BlackElo "2510"]
[Annotator "CB"]
[PlyCount "64"]
[EventDate "2005.08.21"]
[EventType "game"]
[EventRounds "1"]
[EventCountry "GER"]
[SourceTitle "CBM 108 Extra"]
[Source "ChessBase"]
[SourceDate "2005.11.04"]
[SourceVersion "1"]
[SourceVersionDate "2005.11.04"]
[SourceQuality "1"]

1. d4 Nf6 2. Nf3 d5 3. g3 Bf5 4. c4 c6 5. cxd5 cxd5 6. Nc3 Nc6 7. Bg2 e6 8. O-O
Be7 9. Bg5 h6 10. Bxf6 Bxf6 11. e3 O-O 12. Rc1 Qa5 13. Nd2 Rfc8 14. Nb3 Qd8 15.
a3 Be7 16. Na4 Na5 (16... Rc7 $5) 17. Nac5 Rab8 (17... Nc4 18. e4 {gefiel Hort
nicht}) (17... b6 $5 18. Nxa5 bxc5 19. Nb7 Qb6 20. Nxc5 Bxc5 21. Rxc5 Rxc5 22.
dxc5 Qxc5 23. b4) (17... Nxb3 $5 18. Qxb3 b6) 18. Nxa5 (18. Nd2 $2 b6 19. Na6
$2 Rxc1 $19) 18... Qxa5 19. Nxb7 Qb6 (19... Qa6 20. Rxc8+ Rxc8 21. Nc5 Bxc5 22.
dxc5 Rxc5) (19... Rxc1 20. Qxc1 Qb5 21. Nc5 Qxb2 22. Qxb2 Rxb2 $15) 20. Nc5
Qxb2 (20... Bxc5 21. dxc5 Rxc5 22. Rxc5 Qxc5) 21. Qa4 Rc7 (21... Bxc5 22. dxc5)
22. Nd3 Qb6 (22... Bxd3 23. Rxc7 Bxf1 24. Bxf1) (22... Rxc1) 23. Rxc7 Qxc7 24.
Rc1 Qb6 (24... Qxc1+ $2 25. Nxc1 Rb1 26. Qe8+ (26. Qd1) (26. Qc6) (26. Qd1 Bxa3
) 26... Kh7 $18 {kommt nicht in Betracht.}) 25. Bf1 Bxd3 26. Bxd3 Bf8 27. Kg2
a5 28. Rb1 Qc7 29. Rxb8 Qxb8 30. Qxa5 Qb3 31. Bb5 Qxa3 32. Qxa3 Bxa3 1/2-1/2

[Event "Rubinstein Memorial"]
[Site "Polanica Zdroj"]
[Date "1993.??.??"]
[Round "1"]
[White "Andersson, Ulf"]
[Black "Hansen, Lars Bo"]
[Result "1/2-1/2"]
[WhiteElo "2625"]
[BlackElo "2560"]
[Annotator "Chekhov,V"]
[PlyCount "52"]
[EventDate "1993.08.??"]
[EventType "tourn"]
[EventRounds "11"]
[EventCountry "POL"]
[EventCategory "13"]
[SourceTitle "CBM 037"]
[Source "ChessBase"]
[SourceDate "1993.12.01"]
[SourceVersion "1"]
[SourceVersionDate "1993.12.01"]
[SourceQuality "1"]

1. d4 Nf6 2. Nf3 d5 3. c4 c6 4. cxd5 cxd5 5. Nc3 Nc6 6. Bf4 Ne4 $5 $146 (6...
a6 $5 7. Ne5 Qb6 8. Nxc6 bxc6 9. a3 $5 $146 (9. Qd2) 9... Bf5 10. Na4 Qb7 11.
e3 e6 12. Rc1 Nd7 13. Be2 Be7 14. O-O O-O 15. Qd2 a5 16. Rc3 $14 {Dorfman,
J-Hansen,L.Bo Polanica Zdroj 1993/}) (6... e6 7. e3 Nh5 8. Bg5 Qb6 9. Rb1 h6
10. Bh4 g5 11. Nd2 Ng7 12. Bg3 Nf5 13. b4 $5 Bg7 14. Bd3 Nxg3 15. hxg3 Qd8 $132
{Bronstein,D-Sherbakov,R London 1992 Inf 55/375/}) (6... Bf5 7. e3 e6 8. Qb3 (
8. Bb5 Nd7 9. Qa4 Rc8 10. O-O a6 11. Bxc6 Rxc6 12. Rfc1 Be7 $132) 8... Bb4 9.
Bb5 O-O 10. O-O Bxc3 11. Qxc3 Rc8 12. Rac1 Qb6 13. Qc5 Nxd4 14. Qxb6 Nxf3+ 15.
gxf3 axb6 16. Bd6 Rxc1 17. Rxc1 Ra8 18. Rc7 h5 19. Kg2 h4 20. h3 Rxa2 21. Be5
Ra5 22. Be2 Rc5 $1 $10 {Eingorn,V-Hector,J Metz 1992/}) 7. e3 Nxc3 8. bxc3 g6
9. Bd3 (9. Bb5 $5) 9... Bg7 10. O-O O-O 11. e4 $6 (11. Rb1 $5) (11. h3 $5)
11... Bg4 $1 12. h3 Bxf3 13. Qxf3 e5 $1 14. dxe5 Bxe5 15. exd5 (15. Bh6 dxe4
16. Bxe4 Re8 17. Rad1 Qf6) 15... Bxf4 16. dxc6 bxc6 $10 17. Rab1 Qf6 18. Be4
Rab8 $1 19. c4 (19. Bxc6 Rxb1 20. Rxb1 Rc8) 19... c5 20. Bd5 Kg7 21. g3 Rxb1
22. Rxb1 Rb8 23. Re1 Bg5 24. Qd3 Rb2 25. Re2 Rxe2 26. Qxe2 Qe7 1/2-1/2